Reglas monásticas de la España Visigoda ; (Record no. 171387)

MARC details
000 -LEADER
campo de control de longitud fija 01164nam a2200289 i 4500
001 - NÚMERO DE CONTROL
campo de control 171387
003 - IDENTIFICADOR DE NÚMERO DE CONTROL
campo de control ES-MaACL
005 - FECHA Y HORA DE LA ÚLTIMA TRANSACCIÓN
campo de control 20250808062805.0
008 - DATOS DE LONGITUD FIJA--INFORMACIÓN GENERAL
campo de control de longitud fija 090513s1971 sp |||| | spa d
017 ## - NÚMERO DE COPYRIGHT O DE DEPÓSITO LEGAL
Número de copyright o de depósito legal M 11375-1971
245 00 - MENCIÓN DEL TÍTULO
Título Reglas monásticas de la España Visigoda ;
Resto del título Los tres libros de las "Sentencias" /
Mención de responsabilidad, etc. San Leandro, San Isidoro, San Fructuoso ; introducciones, versión y notas de Julio Campos Ruiz, Ismael Roca Meliá.
260 ## - PUBLICACIÓN, DISTRIBUCIÓN, ETC.
Lugar de publicación, distribución, etc. Madrid :
Nombre del editor, distribuidor, etc. [La Editorial Católica],
Fecha de publicación, distribución, etc. 1971.
300 ## - DESCRIPCIÓN FÍSICA
Extensión VIII, 545 p., 1 h. ;
Dimensiones 20 cm.
490 1# - MENCIÓN DE SERIE
Mención de serie Biblioteca de autores cristianos ;
Designación de volumen o secuencia 321
490 1# - MENCIÓN DE SERIE
Mención de serie Santos Padres Españoles ;
Designación de volumen o secuencia 2
546 ## - NOTA DE IDIOMA
Nota de lengua/lenguaje Texto latino y traducción en español.
700 1# - ENTRADA AGREGADA--NOMBRE PERSONAL
Nombre de persona Fructuoso
Títulos y otros términos asociados al nombre , Santo.
9 (RLIN) 140111
700 0# - ENTRADA AGREGADA--NOMBRE PERSONAL
Nombre de persona Isidoro de Sevilla,
Títulos y otros términos asociados al nombre Santo.
9 (RLIN) 176281
700 0# - ENTRADA AGREGADA--NOMBRE PERSONAL
Nombre de persona Leandro,
Títulos y otros términos asociados al nombre Santo, Arzobispo de Sevilla.
9 (RLIN) 139609
700 1# - ENTRADA AGREGADA--NOMBRE PERSONAL
Nombre de persona Campos Ruiz, Julio.
9 (RLIN) 140049
700 1# - ENTRADA AGREGADA--NOMBRE PERSONAL
Nombre de persona Roca Meliá, Ismael.
9 (RLIN) 98003
830 00 - PUNTO DE ACCESO ADICIONAL DE SERIE-TÍTULO UNIFORME
Título uniforme Biblioteca de autores cristianos
Designación de volumen o secuencia 321
9 (RLIN) 178679
830 0# - PUNTO DE ACCESO ADICIONAL DE SERIE-TÍTULO UNIFORME
Título uniforme Santos Padres Españoles ;
Designación de volumen o secuencia 2
9 (RLIN) 189018
852 ## - LOCALIZACIÓN
Ubicación ES-MaACL
Número de control de estantería J-314
itemnumber R.46092
Holdings
Estatus retirado Estado de pérdida Estado de daño No para préstamo Biblioteca de origen Biblioteca actual Ubicación en estantería Fecha de adquisición Fuente de adquisición Total de préstamos Signatura topográfica completa Código de barras Visto por última vez Precio de reemplazo Tipo de ítem Koha
        Biblioteca del Ateneo de Madrid Biblioteca del Ateneo de Madrid Depósito 2 13/05/2009     J-314 1179862 23/02/2023 23/02/2023 Libro impreso